The all England law reports reprint 1921 / (Record no. 832)
[ view plain ]
| 000 -LEADER | |
|---|---|
| fixed length control field | 01341nas a2200373 a 4500 |
| 001 - CONTROL NUMBER | |
| control field | 11153717 |
| 003 - CONTROL NUMBER IDENTIFIER | |
| control field | OSt |
| 005 - DATE AND TIME OF LATEST TRANSACTION | |
| control field | 20110502124854.0 |
| 008 - FIXED-LENGTH DATA ELEMENTS--GENERAL INFORMATION | |
| fixed length control field | 780725d15581935enkuu w a eng d |
| 010 ## - LIBRARY OF CONGRESS CONTROL NUMBER | |
| LC control number | 61019738 |
| 035 ## - SYSTEM CONTROL NUMBER | |
| System control number | (OCoLC)ocm04083430 |
| 040 ## - CATALOGING SOURCE | |
| Original cataloging agency | CLavC |
| Transcribing agency | CLavC |
| Modifying agency | NIC |
| -- | DLC |
| 042 ## - AUTHENTICATION CODE | |
| Authentication code | lc |
| 043 ## - GEOGRAPHIC AREA CODE | |
| Geographic area code | e-uk--- |
| 050 00 - LIBRARY OF CONGRESS CALL NUMBER | |
| Classification number | KD288 |
| Item number | .A6 |
| 082 00 - DEWEY DECIMAL CLASSIFICATION NUMBER | |
| Classification number | 348.041 ALL |
| 100 ## - MAIN ENTRY--PERSONAL NAME | |
| Personal name | Bidgman, G.F.L |
| 9 (RLIN) | 2260 |
| 245 04 - TITLE STATEMENT | |
| Title | The all England law reports reprint 1921 / |
| 260 ## - PUBLICATION, DISTRIBUTION, ETC. (IMPRINT) | |
| Place of publication, distribution, etc | London : |
| Name of publisher, distributor, etc | Butterworth, |
| Date of publication, distribution, etc | 1921. |
| 300 ## - PHYSICAL DESCRIPTION | |
| Extent | v. ; |
| Dimensions | 24 cm. |
| 362 0# - DATES OF PUBLICATION AND/OR SEQUENTIAL DESIGNATION | |
| Dates of publication and/or sequential designation | 1558/1774-1935. |
| 500 ## - GENERAL NOTE | |
| General note | Updated irregularly by extension vols. |
| 500 ## - GENERAL NOTE | |
| General note | Some vols. published out of sequence. |
| 520 ## - SUMMARY, ETC. | |
| Summary, etc | Vols. for 1558-1834 selected from early authorised reports; v. for 1835-1935 selected from the Law times reports. |
| 555 ## - CUMULATIVE INDEX/FINDING AIDS NOTE | |
| Cumulative index/finding aids note | 1558-1834. 1 v.; Extension vol. 1861-1935. 1 v.; Extension vol. 1904-1935. 1 v. |
| 590 ## - LOCAL NOTE (RLIN) | |
| Local note | SERBIB/SERLOC merged record |
| 650 #0 - SUBJECT ADDED ENTRY--TOPICAL TERM | |
| Topical term or geographic name as entry element | Law reports, digests, etc. |
| Geographic subdivision | Great Britain. |
| 9 (RLIN) | 2262 |
| 740 02 - ADDED ENTRY--UNCONTROLLED RELATED/ANALYTICAL TITLE | |
| Uncontrolled related/analytical title | Law times reports. |
| 785 00 - SUCCEEDING ENTRY | |
| Title | All England law reports annotated |
| Record control number | (DLC) 98660763 |
| 906 ## - LOCAL DATA ELEMENT F, LDF (RLIN) | |
| a | 7 |
| b | cbc |
| c | serials |
| d | u |
| e | ncip |
| f | 19 |
| g | n-oclcserc |
| 942 ## - ADDED ENTRY ELEMENTS (KOHA) | |
| Source of classification or shelving scheme | Dewey Decimal Classification |
| Koha item type | Books |
| Withdrawn status | Lost status | Source of classification or shelving scheme | Damaged status | Not for loan | Home library | Current library | Shelving location | Date acquired | Total Checkouts | Full call number | Barcode | Date last seen | Price effective from | Koha item type |
|---|---|---|---|---|---|---|---|---|---|---|---|---|---|---|
| Dewey Decimal Classification | Law Development Centre Main Library | Law Development Centre Main Library | Law Reports | 05/02/2011 | 348.041 ALL | 2011/32 | 05/02/2011 | 05/02/2011 | Books |
